[Event "Washington Class Championships"]
[Site "SeaTac City, WA"]
[Date "2011.11.25"]
[Round "1"]
[White "Wilson Zuberi  (WA)"]
[Black "Farny Andreas  (WA)"]
[Result "1-0"]
[WhiteElo "1087"]
[BlackElo "738"]
[Annotator ""]
[Source ""]
[Remark "E"]

1.e4 c5 2.Nc3 Nc6 3.Nf3 g6 4.d4 cxd4 5.Nxd4 Bg7 6.Be3 d6 7.Bc4
Nf6 8.h3 O-O 9.Qd2 Bd7 10.O-O-O Rc8 11.Bh6  Nxd4 12.Bxg7
Kxg7 ( 12...Rxc4 13.Bxf8 Qxf8 ) 13.Qxd4 Rc5 14.f4 Qc7 15.Bb3
Kg8 16.Rde1 a6 17.e5 dxe5 18.fxe5 Nh5 19.Rhg1 Rc6 20.Qh4 e6 21.Rgf1
Qd8 22.Qf2 Ng7 23.Ne4 Ne8 24.Nf6+ Nxf6 25.exf6 Re8 26.Qh4 e5
27.g4 Be6 28.Qh6 Qxf6 29.Rxf6 Bxb3 30.Rxc6 bxc6 31.cxb3 e4 32.Qf4
e3 33.Rxe3 Rxe3 34.Qxe3 Kg7 35.Qb6 a5 36.Qxa5 Kh6 37.h4 f6 38.g5+
fxg5 39.Qxg5+ Kg7 40.a4 h6 41.Qe7+ Kg8 42.a5 g5 43.hxg5 hxg5
44.a6 g4 45.a7 g3 46.a8Q# 1-0

[Event "Washington Class Championships"]
[Site "SeaTac City, WA"]
[Date "2011.11.25"]
[Round "1"]
[White "Wilson Diallo  (WA)"]
[Black "Ramesh Jotthi  (WA)"]
[Result "1-0"]
[WhiteElo "1470"]
[BlackElo "1527"]
[Annotator ""]
[Source ""]
[Remark "C"]

1.d4 Nf6 2.c4 d5 3.cxd5 Qxd5 4.Nc3 Qd8 5.e4 e6 6.a3 Nc6 7.Nf3
Be7 8.Bc4 O-O 9.O-O a6 10.b4  b5 11.Bb3 Bb7 12.Bc2 g6
13.Re1 Nd7 14.e5 Nb6 15.Ne4 f6 16.Bb3 Nc4 17.exf6 Bxf6 18.Nxf6+
Qxf6 19.Bg5 Qf5 20.Qe2 Rae8 21.Bxc4 bxc4 22.Qxc4 Nxd4 23.Qxd4
Bxf3 24.Re5 Qg4 25.Qxg4 Bxg4 26.Rc1 Rf7 27.Rc6 Rd7 28.h3 Bf5
29.Rxa6 Rf8 30.g4 Rd1+ 31.Kg2 Bd3 32.Raxe6 Bf1+ 33.Kg3 Ra8 34.Re8+
Rxe8 35.Rxe8+ Kf7 36.Re7+ Kg8 37.Rxc7 Rd3+ 38.Be3 Rxa3 39.Rb7
Rb3 40.h4 Kh8 41.Kf4 Ba6 42.Rb6 Bc4 43.Kg5 Rd3 44.Kf6 Rd7 45.Rb8+
Bg8 46.b5 Rf7+ 47.Kg5 1-0

[Event "Washington Class Championships"]
[Site "SeaTac City, WA"]
[Date "2011.11.25"]
[Round "1"]
[White "Gibbon Brian  (WA)"]
[Black "He Daniel  (WA)"]
[Result "0-1"]
[WhiteElo "1859"]
[BlackElo "1950"]
[Annotator ""]
[Source ""]
[Remark "A"]

1.d4 Nf6 2.Nf3 e6 3.c4 Bb4+ 4.Nbd2 b6 5.a3 Bxd2+ 6.Bxd2 h6 7.Bf4
d6 8.e3 Nbd7 9.Bd3  Bb7 10.Qe2 Qe7 11.Bc2 O-O 12.O-O Ne4
13.Rfd1 f5 14.h3 Rf7 15.Nd2 Nxd2 16.Rxd2 e5 17.dxe5 Nxe5 18.c5
Rf6 19.cxd6 cxd6 20.Bb3+ Kh8 21.Rc1 Ng6 22.Bg3 Re8 23.Qd1 Qe4
24.Bd5 Bxd5 25.Rxd5 f4 26.Rd4 Qe5 27.exf4 Nxf4 28.Bxf4 Rxf4 29.Rxd6
Qxb2 30.Rd8 Qxf2+ 31.Kh2 Rxd8 32.Qxd8+ Rf8 33.Qd1 Qe3 34.a4 Re8
35.Qc2 Qe4 36.Qd1 Qf4+ 37.Kh1 Re4 38.Rc8+ Kh7 39.Qd3 Qf5 40.Kh2
Re5 41.Qc4 Rd5 42.Re8 a6 43.Re4 b5 44.axb5 axb5 45.Qb4 Qd7 46.Re7
Qd6+ 47.Qxd6 Rxd6 48.Rb7 Rd5 49.Kg3 Kg6 50.Kf4 Rd4+ 51.Ke3 Rb4
52.Kd3 Rb2 53.Ke4 Rxg2 54.Rxb5 Rg3 55.Kf4 Rxh3 56.Kg4 Rc3 57.Rb6+
Kh7 58.Ra6 Rc1 59.Rb6 Rg1+ 60.Kh4 Rg6 61.Rb5 Rc6 62.Kg4 Kg6 63.Kh4
Rc4+ 64.Kg3 h5 65.Ra5 Kh6 66.Ra6+ g6 67.Rb6 h4+ 68.Kh3 Kh5 69.Rb5+
g5 70.Ra5 Rc3+ 71.Kg2 h3+ 72.Kh2 Kh4 73.Ra4+ g4 74.Rb4 Rc2+ 75.Kg1
Rg2+ 76.Kh1 Rg3 77.Kh2 Rf3 78.Ra4 Rf2+ 79.Kh1 Kg3 80.Ra3+ Rf3
81.Ra1 Re3 82.Rg1+ Kh4 83.Rd1 g3 84.Rd4+ Kg5 85.Rd1 Kg4 86.Kg1
h2+ 87.Kh1 Kh3 0-1

[Event "Washington Class Championships"]
[Site "SeaTac City, WA"]
[Date "2011.11.26"]
[Round "2"]
[White "Kalina Chris  (MN)"]
[Black "Roper David  (WA)"]
[Result "1/2-1/2"]
[WhiteElo "2131"]
[BlackElo "2360"]
[Annotator ""]
[Source ""]
[Remark "Master"]

1.d4 f5 2.c4 Nf6 3.Nc3 d6 4.Nf3 g6 5.Bg5 Nbd7 6.e3 Bg7 7.Be2
O-O 8.O-O h6 9.Bf4  Nh5 10.Bg3 Nxg3 11.hxg3 g5 12.Qc2
Nf6 13.Nd2 Ng4 14.Rad1 c6 15.d5 c5 16.Nf3 a6 17.Nh2 Nxh2 18.Kxh2
Bd7 19.f4 Qe8 20.Kg1 b5 21.b3 Rb8 22.Rb1 Qg6 23.a4 Qf6 24.Nd1
g4 25.Nf2 h5 26.Nd3 h4 27.Kf2 Kf7 28.Rh1 Rh8 29.gxh4 Rxh4 30.g3
Rhh8 31.Kg2 e6 32.Nf2 exd5 33.cxd5 Qc3 34.Qxc3 Bxc3 35.axb5 axb5
36.Rxh8 Rxh8 37.e4 Re8 38.Bd3 Kg6 39.Rh1 fxe4 40.Bxe4+ Bf5 41.Bxf5+
Kxf5 42.Rh5+ Kg6 43.Rg5+ Kf7 44.Nxg4 Re2+ 45.Kf3 Rb2 46.Ke4 Rxb3
47.Kf5 Bg7 48.Rg6 Bf8 49.Nf2 Re3 50.Rf6+ Kg7 51.Rg6+ Kf7 52.Rf6+
Kg7 53.Rg6+ 1/2-1/2

[Event "Washington Class Championships"]
[Site "SeaTac City, WA"]
[Date "2011.11.27"]
[Round "6"]
[White "Nagase Masayuki  (WA)"]
[Black "Davis Frederick  (WA)"]
[Result "0-1"]
[WhiteElo "1688"]
[BlackElo "1645"]
[Annotator ""]
[Source ""]
[Remark "B"]

1.d4 Nf6 2.c4 g6 3.Nc3 Bg7 4.e4 d6 5.f3 O-O 6.Be3 Nc6 7.Qd2 a6
8.Nge2 Rb8 9.g4 b5 10.Ng3 bxc4 11.Bxc4 e5 12.d5 Nd4
( 12...Nd4 13.Rf1 Nd7 14.Nce2 Nb6 15.Rc1 Bd7 16.Rf2 Qf6 17.Ng1
Qe7 18.N1e2 Nxc4 19.Rxc4 Bb5 20.Rc1 c5 21.dxc6 Nxc6 22.Nc3 Bc4
23.b3 Be6 24.Rd1 Rfd8 25.Bg5 Bf6 26.Bxf6 Qxf6 27.Nge2 Qh4 28.Nd5
Bxd5 29.Qxd5 Nb4 30.Qd2 Rdc8 31.Nc3 Rb7 32.Kf1 Rbc7 33.Rc1 h6
34.a3 Qg5 35.axb4 Qxd2 36.Rxd2 Rxc3 37.Rxc3 Rxc3 38.Kf2 Rc6 39.Rd5
Rb6 40.Kg3 Kf8 41.Ra5 Ke7 42.Ra4 Kd7 43.f4 exf4+ 44.Kxf4 Rc6
45.e5 d5 46.Ke3 Rb6 47.Kd4 Kc6 48.h4 h5 49.g5 Kd7 50.Kxd5 Rb5+
51.Kd4 Rb6 52.Kc4 Ke6 53.Ra5 Kf5 54.b5 axb5+ 55.Rxb5 Rxb5 56.Kxb5
Kg4 57.Kc5 Kxh4 58.b4 Kxg5 59.b5 h4 60.b6 h3 61.b7 h2 62.b8Q
h1Q 63.Qd8+ Kg4 64.Qd7+ {1/2-1/2, Gupta Abhijeet (IND) 2141 - Wilson Paul, India 1999}
) 13.Bxd4 exd4 14.Nce2 Nd7 15.Nxd4 Qf6 16.O-O-O Ne5 17.Be2 c5
18.dxc6 Nxc6 19.Nxc6 Rxb2 20.g5 {??} ( 20.e5 dxe5 21.Ne4 {+-} )
Rb1+ {!} 21.Kxb1 Qa1+ 22.Kc2 Qxa2+ 23.Kc1 Qa1+ 24.Kc2 Qb2+ 25.Kd3
Qb3+ 0-1

[Event "Washington Class Championships"]
[Site "SeaTac City, WA"]
[Date "2011.11.26"]
[Round "3"]
[White "La Madrid Ramone  (WA)"]
[Black "Coopersmith Matthew  (WA)"]
[Result "1-0"]
[WhiteElo "1332"]
[BlackElo "1247"]
[Annotator ""]
[Source ""]
[Remark "D"]

1.e4 e5 2.Nf3 Nc6 3.Bb5 Nf6 4.O-O a6 5.Ba4 Bc5 6.c3 b5 7.Bc2
d5 8.d4 Bd6 9.exd5 ( 9.exd5 Nxd5 10.dxe5 Bxe5 11.Nxe5 Nxe5 12.Re1
Qf6 13.Qxd5 c6 14.Rxe5+ Qxe5 15.Qxe5+ Be6 16.Qxg7 Rf8 17.Bh6
O-O-O 18.Nd2 Rfe8 19.Ne4 Re7 20.Bg5 f6 21.Qxf6 Ree8 22.Nd6+ Kd7
23.Nxe8 Rxe8 24.Rd1+ Bd5 25.Bf5+ Kc7 26.Bf4+ Kb6 27.Qd6 Ka5 28.Qc7+
Ka4 29.Bc2+ Bb3 30.axb3# {1-0, Lowke Kathrin - Lorenz Jennifer, Greifswald (Germany) 2001}
) Nxd5 10.dxe5 Bxe5 11.Nxe5 Nxe5 12.Re1 Qe7  13.Qxd5 {??}
( 13.Kf1 Nb6 {+4.19|d16 Shredder 9.11} )
Nf3+ 14.gxf3 Qxe1+ 15.Kg2 Rb8 {?} ( 15...Qxc1 16.Qc6+ Kf8 17.Qxa8
Qg5+ 18.Kh1 Qc1+ 19.Kg2 {=} ) 16.Be3 {%02$16/+-} O-O 17.Qh5 g6
18.Qh6 Be6 19.Bd4 f6 20.Nd2 {?} ( 20.Bxg6 hxg6 21.Qxg6+ Kh8 22.Bxf6+
Rxf6 23.Qxf6+ Kh7 {+-} ) Qxa1 21.Ne4 {??} ( 21.Bxg6 ) Qxb2 {??}
( 21...Bc4 22.h4 Rbd8 23.h5 Qf1+ 24.Kh2 $17 ) 22.Nxf6+ Rxf6 23.Bxf6
Kf7 24.Qg7+ Ke8 25.Qe7# 1-0

[Event "Washington Class Championships"]
[Site "SeaTac City, WA"]
[Date "2011.11.25"]
[Round "2"]
[White "Buck Stephen  (WA)"]
[Black "Zhang Derek  (WA)"]
[Result "1-0"]
[WhiteElo "1700"]
[BlackElo "1523"]
[Annotator ""]
[Source ""]
[Remark "B"]

1.c4 e5 2.Nc3 Nf6 3.g3 c6 4.Bg2 Bc5 5.Nf3 d6 6.O-O O-O 7.d3 Re8
8.Bg5 h6 ( 8...Bb6 9.Ne4 d5 10.Bxf6 gxf6 11.cxd5 cxd5 12.Nc3
Be6 13.Qd2 Kh8 14.Nh4 Rg8 15.Kh1 Nc6 16.Qh6 Ba5 17.f4 Bxc3 18.bxc3
Nb8 19.Rab1 b6 20.c4 Na6 21.Kg1 Nc7 22.f5 Bc8 23.cxd5 Qd6 24.e4
Ba6 25.Rfc1 Bb7 26.Nf3 Rac8 27.d4 exd4 28.Nxd4 Qe5 29.Nc6 Bxc6
30.Rxc6 Qd4+ 31.Kh1 Nb5 32.Qxf6+ Qxf6 33.Rxf6 Nc3 34.Rc1 Nxd5
35.Rfc6 Rxc6 36.Rxc6 Nb4 37.Rc7 Rd8 38.Bf3 a5 39.Rxf7 Nxa2 40.e5
b5 41.e6 Re8 42.e7 Kg8 43.Bd5 Nc3 44.Rf8+ Kg7 45.Rxe8 Nxd5 46.Rg8+
{1-0, Schlichthaar Robert (GER) 2240 - Jachnowitsch Kristjan-John, Oberhof (Germany) 1998}
) 9.Bh4 g5 10.Nxg5 hxg5 11.Bxg5 Be6 12.Ne4 Qe7 {??} 13.Nxf6+
Kh8 14.e3 Kg7 15.Nh5+ Kf8 16.Bxe7+ Kxe7 17.Ng7 Rg8 18.Nxe6 fxe6
19.a3 a5 20.Bxc6 bxc6 21.d4 exd4 22.exd4 Bb6 23.Qd3 Kd7 24.Qh7+
1-0

[Event "Washington Class Championships"]
[Site "SeaTac City, WA"]
[Date "2011.11.26"]
[Round "1"]
[White "Walk Alan  (WA)"]
[Black "Hndricks David  (WA)"]
[Result "0-1"]
[WhiteElo "1727"]
[BlackElo "1615"]
[Annotator ""]
[Source ""]
[Remark "B"]

1.e4 d6 2.d4 Nf6 3.Nc3 g6 4.f3 Bg7 5.Be3 O-O 6.Qd2 e5 7.d5 Nbd7
8.Nge2 Nb6 9.Ng3 Ne8  10.Bh6 f5 11.exf5 gxf5 12.Bxg7 Kxg7
13.O-O-O Qh4 14.Qe1 Qh6+ 15.Kb1 Nf6 16.Rd3 Bd7 17.Be2 Rae8 18.Bd1
Kh8 19.h3 Rg8 20.Rg1 Rg7 21.Nf1 f4 22.Nh2 Bf5 23.Ne4 Nbxd5 24.Ng4
Qg6 25.Ngxf6 Nxf6 26.Nxd6 cxd6 27.Rxd6 Rc7 28.Qd2 Rd7 29.Rxd7
Nxd7 30.Be2 Nb6 31.Bd3 Bxd3 32.cxd3 Rd8 33.Kc2 Nd5 34.a3 Ne3+
35.Kc3 Qc6+ 36.Kb3 Qd5+ 37.Ka4 b5+ 38.Kb4 a5+ 39.Kc3 Rc8# 0-1

[Event "Washington Class Championships"]
[Site "SeaTac City, WA"]
[Date "2011.11.25"]
[Round "2"]
[White "Sinanan Joshua  (WA)"]
[Black "Bragg David  (WA)"]
[Result "1/2-1/2"]
[WhiteElo "2288"]
[BlackElo "2228"]
[Annotator ""]
[Source ""]
[Remark "Master"]

1.d4 Nf6 2.c4 g6 3.g3 Bg7 4.Bg2 O-O 5.Nc3 c6 6.Nf3 d5 7.cxd5
Nxd5 8.O-O Nd7 9.Nxd5 cxd5 10.Qb3 e6 11.Bf4 Qb6 12.Qxb6 Nxb6
13.b3 Bd7 ( 13...Bd7 14.a4 Bc6 15.Rfc1 f6 16.a5 Nd7 17.Bd6 Rfc8
18.Rc2 Bf8 19.Bxf8 Kxf8 20.Rac1 a6 21.Nd2 Ke7 22.e4 Kd8 23.Bh3
f5 24.exf5 exf5 25.Bf1 Bb5 26.Bg2 Nf6 27.Rc5 Rxc5 28.Rxc5 Bc6
29.Nf3 Nd7 30.Rc3 Ke7 {0-1, Karbowiak Adam (POL) 2255 - Piechocki Franciszek (POL) 2317, Lublin (Poland) 1999}
) 14.a4 f6 15.h4 h6 16.Rfc1 g5 17.hxg5 hxg5 18.Bd6 Rfc8 19.Ne1
Rxc1 20.Rxc1 Rc8 1/2-1/2

[Event "Washington Class Championships"]
[Site "SeaTac City, WA"]
[Date "2011.11.25"]
[Round "2"]
[White "Naess Maria  (WA)"]
[Black "Wilson Zuberi  (WA)"]
[Result "1-0"]
[WhiteElo "1091"]
[BlackElo "1087"]
[Annotator ""]
[Source ""]
[Remark "E"]

1.e4 e5 2.Nf3 Nc6 3.d4 exd4 4.Nxd4 h6 5.Nxc6  bxc6 6.Nc3
Nf6 7.Bf4 Bb4 8.Qd3 d5 9.O-O-O O-O 10.exd5 Bxc3 11.Qxc3 cxd5
12.Bxc7 Qd7 13.Be5 Ne4 14.Qd4 Qf5 15.f4 Be6 16.Bd3 f6 17.Bd6
Rfd8 18.Bxe4 dxe4 19.Qe3 Bxa2 20.b3 Bxb3 21.Qxb3+ Kh7 22.Qd5
Qg6 23.Rhe1 Qxg2 24.Qxe4+ Qxe4 25.Rxe4 a5 26.Ra4 Ra6 27.Bc7 Rda8
28.Rd8 R8a7 29.Rd6 Rxd6 30.Bxd6 Rd7 31.Bc5 g5 32.fxg5 hxg5 33.Rxa5
Rd5 34.Bb6 Rd6 35.Rb5 Re6 36.c4 Re1+ 37.Kd2 Rh1 38.c5 Rxh2+ 39.Kc3
g4 40.c6 Kg6 41.c7 Rh8 42.Rd5 Rh1 43.Kb4 Rb1+ 44.Ka5 Ra1+ 45.Kb5
Rb1+ 46.Ka6 Rc1 47.Rc5 Ra1+ 48.Kb7 g3 49.c8Q g2 50.Qf5+ Kg7 51.Rc7+
Kg8 52.Qh7+ Kf8 53.Qf7# 1-0

[Event "Washington Class Championships"]
[Site "SeaTac City, WA"]
[Date "2011.11.26"]
[Round "3"]
[White "Wilson Zuberi  (WA)"]
[Black "Naess Sara  (WA)"]
[Result "1-0"]
[WhiteElo "1087"]
[BlackElo "1012"]
[Annotator ""]
[Source ""]
[Remark "E"]

1.e4 e5 2.Nf3 Nc6 3.Bc4 Bc5 4.c3 Bb6 5.d4 d6 6.dxe5 dxe5 7.Qxd8+
Kxd8 8.Bxf7 Ke7  9.Bb3 Nf6 10.Nbd2 Be6 11.Bc2 Rad8 12.b3
Bc5 13.Bb2 Rhe8 14.O-O-O Bxf2 15.Ba3+ Kd7 16.Nc4+ Kc8 17.Ncxe5
Nxe5 18.Nxe5 Rxd1+ 19.Rxd1 Rd8 20.Rxd8+ Kxd8 21.Kd2 Nd7 22.Nxd7
Kxd7 23.Ke2 Bg1 24.h3 Bh2 25.Kf3 Be5 26.c4 b6 27.Bc1 c5 28.Bf4
Bc3 29.e5 h6 30.g4 g5 31.Bg3 a6 32.Bf5 b5 33.Bxe6+ Kxe6 34.Ke4
b4 35.Bf2 Bxe5 36.Bxc5 Bc3 37.Bf8 Be1 38.Bxh6 Bh4 39.c5 Kd7 40.Kd5
Kc7 41.c6 Kc8 42.Bf8 Be1 43.Kc4 a5 44.Be7 Bd2 45.Kb5 Kc7 46.Kxa5
Kxc6 47.Bxb4 Bf4 48.Be1 Bc7+ 49.Kb4 Bd6+ 50.Kc4 Be7 51.a4 Kb6
52.Bf2+ Ka5 53.Bg3 Bd8 54.Be1+ Ka6 55.b4 Be7 56.b5+ Kb7 57.a5
Ka7 58.Bf2+ Kb7 59.a6+ Ka8 60.b6 Bd6 61.Kd5 Bg3 62.b7+
( 62.Bxg3 {??=} ) Kb8 63.Bxg3+ Ka7 64.b8Q+ Kxa6 65.Kc5 Ka5 66.Qb5# 1-0

[Event "Washington Class Championships"]
[Site "SeaTac City, WA"]
[Date "2011.11.26"]
[Round "2"]
[White "Davis Frederick  (WA)"]
[Black "Allen Robert  (WA)"]
[Result "1-0"]
[WhiteElo "1596"]
[BlackElo "1750"]
[Annotator ""]
[Source ""]
[Remark "B"]

1.e4 c5 2.Nf3 d6 3.d4 cxd4 4.Nxd4 Nf6 5.Nc3 g6 6.Be3 Bg7 7.f3
O-O 8.Qd2 Nc6 9.Bc4 Bd7 10.O-O-O Rc8 11.Bb3 Ne5 12.Kb1 Nc4 13.Bxc4
Rxc4 14.g4 b5 15.Bh6  b4 16.Nce2 a5 17.h4 Bxg4 {?}
( 17...Bxh6 18.Qxh6 e5 19.Nf5 gxf5 20.gxf5 Kh8 
21.Rhg1 Rg8 22.Rxg8+ Nxg8 
23.Qxd6 Nf6 24.Qxe5 {+0.83|d18 Shredder 9.11}
) 18.Bxg7 Kxg7 19.fxg4 Nxe4 20.Qe3 d5 21.Ng3 Nc3+ 22.bxc3 bxc3
23.Qe5+ f6 24.Ne6+ Kg8 25.Nxd8 fxe5 26.Rxd5 Rxg4 27.Ne2 Rb4+
28.Kc1 Rf3 29.Nc6 Rb2 30.Nxc3 Rxc3 31.Kxb2 Rxc6 32.Rxe5 1-0

[Event "Washington Class Championships"]
[Site "SeaTac City, WA"]
[Date "2011.11.26"]
[Round "1"]
[White "Jung Hubert  (WA)"]
[Black "Kalina Chris  (MN)"]
[Result "1/2-1/2"]
[WhiteElo "1941"]
[BlackElo "2131"]
[Annotator ""]
[Source ""]
[Remark "Master"]

1.e4 c5 2.Nf3 d6 3.Bb5+ Nd7 4.O-O Ngf6 5.Re1 g6 6.c3 Bg7 7.d4
O-O 8.Qe2  a6 9.Bd3 b5 10.e5 dxe5 11.dxe5 Ng4 12.e6 Nde5
13.Be4 Rb8 14.Rd1 Qb6 15.exf7+ Rxf7 16.Bg5 Be6 17.Nbd2 Rbf8 18.h3
Nxf3+ 19.Nxf3 Bc4 20.Qc2 Ne5 21.Rd2 Be6 22.Rad1 Nxf3+ 23.Bxf3
Bxh3 24.Bd5 Be6 25.Qe4 Bxd5 26.Qxd5 e6 27.Qe4 b4 28.Rd6 Qa5 29.Qxe6
bxc3 30.Rxa6 c2 31.Rd7 Qxa6 32.Qxa6 Rxd7 33.Qc4+ Kh8 34.Qxc2
Bd4 35.Be3 Rb8 36.Qa4 Rd5 37.Qc6 Rbd8 38.Bxd4+ cxd4 39.Qf6+ Kg8
40.Qe6+ Kf8 41.Qf6+ Kg8 42.Qe6+ 1/2-1/2

[Event "Washington Class Championships"]
[Site "SeaTac City, WA"]
[Date "2011.11.25"]
[Round "1"]
[White "Fields Noah  (WA)"]
[Black "Campbell Tim  (WA)"]
[Result "0-1"]
[WhiteElo "1861"]
[BlackElo "1730"]
[Annotator ""]
[Source ""]
[Remark "A"]

1.e4 c5 2.Nf3 Nc6 3.d4 cxd4 4.Nxd4 g6 5.Nc3 Bg7 6.Be3 Nf6 7.Bc4
O-O 8.Bb3 d6 9.f3 Bd7 10.Qd2 Ne5 11.O-O-O Rc8 12.g4 Ne8 
13.Bh6 Nc7 14.Bxg7 Kxg7 15.h4 Ne6 16.h5 Rh8 17.h6+ Kf8 18.g5
Nc5 19.f4 Nxb3+ 20.Nxb3 Nc6 21.e5 Bg4 22.Rdg1 Bf5 23.exd6 exd6
24.Rd1 Nb4 25.Qd4 {?!} ( 25.Nd4 Qb6 26.Kb1
Nd3 27.Ncb5 Nxb2 28.Kxb2 Kg8 29.Qb4 Rc5 
30.Rhe1 Bd7 {+3.64|d18 Shredder 9.11} )
Nxa2+ 26.Nxa2 Rxc2+ 27.Kb1 Rd2+ 28.Ka1 Rxd4 29.Rxd4 f6 30.Rhd1
Qb6 31.Nbc1 Ke7 32.gxf6+ Ke6 33.Nc3 Qa5+ 34.N1a2 Kxf6 35.Rxd6+
Ke7 36.R6d5 Qa6 37.Re5+ Kf7 38.Nd5 Rd8 39.b3 Bc2 40.Rde1 Bxb3
41.Re7+ Kf8 42.Ndc3 Rc8 43.Kb2 Bxa2 44.Nxa2 Qb6+ 45.Ka1 Qf6+
46.R7e5 Qxf4 47.Re7 Qf6+ 0-1

[Event "Washington Class Championships"]
[Site "SeaTac City, WA"]
[Date "2011.11.27"]
[Round "5"]
[White "Smith Micah  (WA)"]
[Black "Campbell Tim  (WA)"]
[Result "0-1"]
[WhiteElo "1881"]
[BlackElo "1730"]
[Annotator ""]
[Source ""]
[Remark "A"]

1.d4 d5 2.Bf4 Nf6 3.e3 Nc6 4.c4 Bf5 5.Nc3 e6 6.Nf3 Nh5 7.Bg5
Be7 ( 7...f6 8.Nh4 Bg6 9.Nxg6 hxg6 10.Bh4 Bb4 11.Bd3 Bxc3+ 12.bxc3
Ne7 13.Qg4 Kf7 14.cxd5 Qxd5 15.O-O f5 16.Qe2 Nf6 17.Bxf6 gxf6
18.e4 fxe4 19.Bxe4 Qd6 20.f4 c6 21.Rab1 b6 22.Rbd1 Nd5 23.Qf3
f5 24.Bc2 g5 25.c4 Nxf4 26.d5 cxd5 27.cxd5 Nxd5 28.g3 Qc5+ 29.Rf2
g4 30.Qe2 Qe3 31.Qf1 Nf4 {1-0, Rudolph Hans Joachim - Heroiu Alexandru (GER) 1984, Pinneberg (Germany) 1989}
) 8.Bxe7 Nxe7 9.Be2 Nf6 10.O-O O-O 11.Rc1 c6 12.c5 Qc7 13.b4
a6 14.a4 Ng6 15.Qb3 e5 16.b5 axb5 17.axb5 e4 18.Nd2 Rfe8 19.Ra1
Nh4 20.bxc6 bxc6 21.Qb6 Qd7 22.g3 Ng6 23.Rfb1 Nf8 24.Ra6 Rxa6
25.Qxa6 Ne6 26.Rb7 Qc8 27.Rb6 Qxa6 28.Bxa6 Ra8 29.Rxc6 Ng5 30.h4
Nf3+ 31.Nxf3 exf3 32.Rb6 h5 33.c6 Kf8 34.Nb5 Bc8 35.Bxc8 Ra1+
36.Kh2 Ne4 37.Rb8 Ke7 38.Bg4 hxg4 39.c7 Nxf2 40.c8N+ Kd7 41.Nb6+
Kc6 42.Na7+ Kc7 43.Rc8+ Kxb6 0-1

[Event "Washington Class Championships"]
[Site "SeaTac City, WA"]
[Date "2011.11.27"]
[Round "6"]
[White "Le Blanc Paul  (CAN)"]
[Black "Campbell Tim  (WA)"]
[Result "1/2-1/2"]
[WhiteElo "1855"]
[BlackElo "1730"]
[Annotator ""]
[Source ""]
[Remark "A"]

1.d4 d5 2.c4 Nc6 3.Nf3 Bg4 4.cxd5 Bxf3 5.dxc6 Bxc6 6.Nc3 Nf6
7.Bf4 e6 8.e3 Bb4 9.Rc1  Nd5 10.Bg3 O-O 11.a3 Ba5 12.Qc2
Nf6 13.f3 Qd7 14.b4 Bb6 15.b5 Bd5 16.e4 Ba5 17.Bd3 b6 18.O-O
Bb7 19.Ne2 Rac8 20.Qb2 c5 21.bxc6 Bxc6 22.Bf2 Bb7 23.Bb5 Qe7
24.Bh4 a6 25.Bd3 1/2-1/2

[Event "Washington Class Championships"]
[Site "SeaTac City, WA"]
[Date "2011.11.27"]
[Round "5"]
[White "Sullivan Brian  (CAN)"]
[Black "Hendricks David  (WA)"]
[Result "1/2-1/2"]
[WhiteElo "1653"]
[BlackElo "1495"]
[Annotator ""]
[Source ""]
[Remark "B"]

1.e4 d6 2.d4 Nf6 3.Nc3 g6 4.Nf3 Bg7 5.Be2 O-O 6.h3 c5 7.Be3 cxd4
8.Nxd4 Nc6 9.Qd2 a6 10.O-O Nxd4 11.Bxd4 b5 12.a3 Bb7 13.Bf3 Qc7
14.Rac1 ( 14.Rac1 Rac8 15.Nd5 Nxd5 16.exd5 Qc4 17.Bxg7 Kxg7 18.Rfe1
Rfe8 19.Re4 Qc5 20.Rh4 Rh8 21.Qh6+ Kg8 22.Qd2 h6 23.c3 Kg7 24.Re1
Rc7 25.Rd4 Re8 26.Rh4 {1/2-1/2, Pfaffel Thomas (AUT) 2110 - Lomineishvili Maia (GEO) 2418, Stockerau (Austria) 1993}
) Rac8 15.Rfe1 Rfd8 16.Qe3 Nd7 17.Bxg7 Kxg7 18.Nd5 Bxd5 19.exd5
Ne5 20.Be2 Re8 21.Qd4 Qc5 22.Qxc5 dxc5 23.Bxb5 axb5 24.Rxe5 f6
25.Re6 Rcd8 26.Rce1 Kf7 27.Rb6 Rxd5 28.Rxb5 Rc8 29.Rb7 Re8 30.Rc7
f5 31.b4 cxb4 32.axb4 Kf6 33.c4 Rd2 34.b5 Rb2 35.Rc6+ e6 36.b6
f4 37.c5 Kf5 38.Rc7 e5 39.b7 Re6 40.c6 Rxc6 41.Rxc6 Rxb7 42.Rc5
Re7 43.f3 g5 44.Kf2 h5 45.g3 fxg3+ 46.Kxg3 h4+ 47.Kf2 Re6 48.Rec1
Kf4 49.R1c4+ Kf5 50.Ke3 Ra6 51.Rd5 Ra3+ 52.Rd3 Ra5 53.Rc8 Ra4
54.Rdc3 Rb4 55.Kd2 Rb2+ 56.Ke3 Rb4 57.Rf8+ Ke6 58.Rc6+ Kd5 59.Rcc8
Rb3+ 60.Kd2 Rb2+ 61.Rc2 Rb3 62.Rd8+ Ke6 63.Rc3 Rb2+ 64.Ke3 Rb4
65.Kd2 Rb2+ 66.Kd3 Rb4 67.Rc2 Rb3+ 68.Ke2 Rb6 69.Rh8 Kf5 70.Kf2
Rd6 71.Rc7 Ra6 72.Rf7+ Kg6 73.Rhf8 Ra2+ 74.Ke3 Ra3+ 75.Ke4 Ra4+
76.Kxe5 Ra5+ 77.Kd6 Ra6+ 78.Kc5 Ra5+ 79.Kb6 Ra1 80.Rf6+ Kg7 81.R8f7+
Kg8 82.Kc5 Rc1+ 83.Kd6 Rd1+ 84.Ke7 Ra1 85.Rg6+ Kh8 86.Kf6
( 86.Rd6 Ra7+ 87.Kf6 Ra8 88.Rg7 Rg8 89.Rdd7 Rf8+ 
90.Rdf7 Rxf7+ 91.Kxf7 g4 
92.Rxg4 Kh7 93.Rxh4# {+299.93|d16 Shredder 9.11}
) Ra6+ 87.Kxg5 Ra5+ 88.Rf5 Ra7 89.Kxh4 Kh7 90.Rf7+ {%02?  (score sheet notes "touch move" here)}
( 90.Rfg5 Rd7 91.Kh5 Kh8 92.Rh6+ Rh7 93.Rxh7+ Kxh7 
94.Rg4 Kh8 95.Kg6 Kg8 96.Re4 Kf8 97.Re1 Kg8 
98.Re8# {+299.91|d1 Shredder 9.11} ) Rxf7 91.Rg3 Kh6
92.Kg4 Rf8 93.f4 Rf7 94.Kf3 Kh5 95.Rg4 Ra7 96.Ke4 Ra4+ 97.Ke5
Ra5+ 98.Kf6 Ra6+ 99.Kg7 Ra7+ 100.Kh8 Rh7+ 101.Kg8 Ra7 102.f5
Ra8+ 103.Kh7 Ra6 104.Rg6 Ra7+ 105.Rg7 Ra6 106.Rg4 Rf6 107.Rf4
Kg5 108.Rf3 Rxf5 109.Rxf5+ Kxf5 110.Kh6 Kf6 111.h4 Kf7 112.Kh7
Kf8 113.h5 Kf7 1/2-1/2

[Event "Washington Class Championships"]
[Site "SeaTac City, WA"]
[Date "2011.11.27"]
[Round "5"]
[White "Vanmane Amith  (WA)"]
[Black "Le Blanc Paul  (CAN)"]
[Result "1/2-1/2"]
[WhiteElo "1741"]
[BlackElo "1855"]
[Annotator ""]
[Source ""]
[Remark "A"]

1.e4 c6 2.d4 d5 3.Nc3 dxe4 4.Nxe4 Nf6 5.Nxf6+ gxf6 6.Nf3 Bg4
7.Be2 Qc7 8.Be3 Nd7 9.a4  e5 10.dxe5 fxe5 11.Nxe5 Bxe2
12.Qxd7+ Qxd7 13.Nxd7 Bc4 14.Nf6+ Kd8 15.O-O-O+ Kc8 16.Rd4 Be6
17.Rhd1 Be7 18.Bg5 Kc7 19.Nxh7 Bc5 20.Bf4+ Kb6 21.Be3 Ka6 22.Ng5
Bxd4 23.Bxd4 Rxh2 24.Nxe6 fxe6 25.g3 Rd8 26.b4 b6 27.c3 Kb7 28.Re1
Re8 29.Kc2 e5 30.Kb3 e4 31.f3 1/2-1/2

[Event "Washington Class Championships"]
[Site "SeaTac City, WA"]
[Date "2011.11.27"]
[Round "5"]
[White "Garcia Ricardo  (WA)"]
[Black "Kiiru Joseph  (WA)"]
[Result "1/2-1/2"]
[WhiteElo "1701"]
[BlackElo "1832"]
[Annotator ""]
[Source ""]
[Remark "A"]

1.d4 d5 2.c4 c6 3.Nc3 e5 4.cxd5 cxd5 5.dxe5 d4 6.Nb1 Qa5+ 7.Bd2
Qxe5 8.Nf3 Qd5 9.Bc3 ( 9.g3 Nc6 10.Bg2 Bf5 11.O-O Nf6 12.Qa4
b5 13.Nxd4 Qxg2+ 14.Kxg2 Be4+ 15.f3 bxa4 16.fxe4 Nxd4 17.Nc3
a3 18.bxa3 Bxa3 19.e3 Nc2 20.Rab1 O-O-O 21.Rf2 Rhe8 22.Rb3 Bc5
23.Na4 Nxe4 24.Nxc5 Nxf2 25.Ba5 Nd1 26.Na6 Ndxe3+ 27.Kh3 Rd6
28.Rc3+ Kd7 29.Rc7+ Ke6 30.Rxa7 Kf5 31.Rxf7+ Rf6 32.Rxf6+ gxf6
33.Nc7 Rc8 34.Nb5 Rc5 35.Nd6+ Kg6 36.g4 Rxa5 {0-1, Perez Mario Abel (ARG) 1982 - Ligato Guillermo Fe (ARG) 2098, Buenos Aires (Argentina) 2002}
) Nc6 10.Nxd4 Nf6 11.Nxc6 Qxc6 12.Nd2 Be7 13.e3 O-O 14.Qf3 Qa4
15.h3 Rd8 16.Be2 Qc2 17.Bd1 Qd3 18.Be2 Qc2 1/2-1/2

[Event "Washington Class Championships"]
[Site "SeaTac City, WA"]
[Date "2011.11.27"]
[Round "4"]
[White "Feng Roland  (WA)"]
[Black "Lee Megan  (WA)"]
[Result "0-1"]
[WhiteElo "2145"]
[BlackElo "2117"]
[Annotator ""]
[Source ""]
[Remark "Master"]

1.d4 d5 2.c4 c6 3.Nc3 Nf6 4.Nf3 dxc4 5.a4 Bf5 6.Ne5 Nbd7 7.Nxc4
Qc7 8.Bg5 e5 9.e3 Bb4  10.dxe5 Ne4 11.Nd6+ Nxd6 12.exd6
Bxd6 13.e4 Be6 14.Qd2 h6 15.Be3 Nc5 16.Bxc5 Bxc5 17.Be2 Rd8 18.Qc2
Qf4 19.Bf3 O-O 20.Qe2 Rd4 21.g3 Qd6 22.Rd1 Rd8 23.Qc2 Bh3 24.Qe2
Kf8 25.Bg4 Rxd1+ 26.Nxd1 Bxg4 27.Qxg4 Qd2+ 28.Kf1 Qxd1+ 29.Qxd1
Rxd1+ 30.Kg2 Rxh1 0-1

[Event "Washington Class Championships"]
[Site "SeaTac City, WA"]
[Date "2011.11.27"]
[Round "6"]
[White "Colasurdo James  (WA)"]
[Black "Buck Stephen  (WA)"]
[Result "1-0"]
[WhiteElo "1784"]
[BlackElo "1700"]
[Annotator ""]
[Source ""]
[Remark "B"]

1.d4 d5 2.c4 c6 3.cxd5 cxd5 4.Nf3 Nf6 5.Nc3 Nc6 6.Bf4 Bf5 7.Qb3
Qb6 8.e3 Qxb3 9.axb3 e6 10.Bb5 Bb4 11.O-O ( 11.Ne5 Ne4 12.Bxc6+
bxc6 13.Nxc6 Bxc3+ 14.bxc3 Nxc3 15.f3 Kd7 16.Ne5+ Ke7 17.Kd2
Rhc8 18.g4 Bg6 19.Rhc1 Nb1+ 20.Raxb1 Bxb1 21.Rxb1 f6 22.Nd3 a5
23.Ra1 Rc6 24.Nc5 Rb6 25.Bg3 Rb5 26.Kd3 e5 27.Be1 h5 28.gxh5
f5 29.b4 e4+ 30.fxe4 fxe4+ 31.Ke2 Rh8 32.Rxa5 Rbb8 33.Ra7+ Ke8
34.Bg3 {1-0, Orlov Georgi (USA) 2470 - Aliev Ya, Simferopol (Ukraine) 1989}
) O-O 12.Ra4 Bxc3 13.bxc3 Rfc8 14.Rc1 a6 15.Be2 h6 16.h3 Nd7
17.Bd6 g5 18.Raa1 Bg6 19.h4 f6 20.c4 dxc4 21.Bxc4 Bf7 22.hxg5
hxg5 23.g4 Kg7 24.Kg2 Rh8 25.Bxa6 Nxd4 26.Bxb7 Rxa1 27.Rxa1 Nxb3
28.Ra7 Ndc5 29.Bc6 Rc8 30.Bb5 Kg6 31.Bc4 Nc1 32.Bc7 N1d3 33.Nd4
Nb4 34.f4 Nd5 35.Bxd5 exd5 36.Nf5 Re8 37.Bb6 Ne6 38.Ne7+ Kg7
39.Nxd5 Rb8 40.Kg3 Rc8 41.Ne7 Rb8 42.Nf5+ Kg6 43.Ra6 Re8 44.Bc5
Kh7 45.Nd6 Re7 46.Nxf7 Kg6 ( 46...gxf4+ 47.Kf3 Nxc5 48.Rxf6 fxe3
49.Ng5+ Kg7 {=} ) 1-0